<?xml version="1.0" encoding="UTF-8"?>
<record
    xmlns:xsi="http://www.w3.org/2001/XMLSchema-instance"
    xsi:schemaLocation="http://www.loc.gov/MARC21/slim http://www.loc.gov/standards/marcxml/schema/MARC21slim.xsd"
    xmlns="http://www.loc.gov/MARC21/slim">

  <leader>01877nas a2200445 i 4500</leader>
  <controlfield tag="001">1232</controlfield>
  <controlfield tag="003">ES-MaACL</controlfield>
  <controlfield tag="005">20250901102120.0</controlfield>
  <controlfield tag="007">t|</controlfield>
  <controlfield tag="008">950801c1914    sp s|yp|rnn  o|  1 ||pa d</controlfield>
  <datafield tag="022" ind1=" " ind2=" ">
    <subfield code="a">0212-8845</subfield>
  </datafield>
  <datafield tag="080" ind1=" " ind2=" ">
    <subfield code="a">351.284(460.152 B.)</subfield>
  </datafield>
  <datafield tag="080" ind1=" " ind2=" ">
    <subfield code="a">339(460.152)</subfield>
  </datafield>
  <datafield tag="245" ind1="0" ind2="0">
    <subfield code="a">Informaci&#xF3;n </subfield>
    <subfield code="b">: &#xD3;rgano oficial de la C&#xE1;mara de Comercio de Bilbao /</subfield>
    <subfield code="c">[dir., Jos&#xE9; Barbier].</subfield>
  </datafield>
  <datafield tag="246" ind1="3" ind2=" ">
    <subfield code="a">Informaci&#xF3;n - C&#xE1;mara de Comercio, Industria y Navegaci&#xF3;n de Bilbao</subfield>
  </datafield>
  <datafield tag="246" ind1="3" ind2=" ">
    <subfield code="a">Informaci&#xF3;n </subfield>
    <subfield code="b">: revista quincenal</subfield>
  </datafield>
  <datafield tag="246" ind1="3" ind2="1">
    <subfield code="a">Barriak</subfield>
  </datafield>
  <datafield tag="246" ind1="3" ind2="3">
    <subfield code="a">Revista econ&#xF3;mica del Pa&#xED;s Vasco</subfield>
  </datafield>
  <datafield tag="260" ind1=" " ind2=" ">
    <subfield code="a">Bilbao : </subfield>
    <subfield code="b">C&#xE1;mara de Comercio : </subfield>
    <subfield code="b">Editorial Vizca&#xED;na, </subfield>
    <subfield code="c">1914-</subfield>
  </datafield>
  <datafield tag="300" ind1=" " ind2=" ">
    <subfield code="a">66 v. : </subfield>
    <subfield code="b">il., fot. ; </subfield>
    <subfield code="c">31 cm </subfield>
    <subfield code="g">(30-42 cm)</subfield>
  </datafield>
  <datafield tag="310" ind1=" " ind2=" ">
    <subfield code="a">Mensual</subfield>
  </datafield>
  <datafield tag="321" ind1=" " ind2=" ">
    <subfield code="a">Quincenal, </subfield>
    <subfield code="b">1914-1964</subfield>
  </datafield>
  <datafield tag="362" ind1="0" ind2=" ">
    <subfield code="a">A&#xF1;o 1, n. 1 (15 en. 1914)-</subfield>
  </datafield>
  <datafield tag="500" ind1=" " ind2=" ">
    <subfield code="a">&#xCD;ndices: colocados al final de la revista.</subfield>
  </datafield>
  <datafield tag="500" ind1=" " ind2=" ">
    <subfield code="a">Var&#xED;a el subt&#xED;t.</subfield>
  </datafield>
  <datafield tag="525" ind1=" " ind2=" ">
    <subfield code="a">Suplementos: Informaci&#xF3;n. Suplemento decenal (C&#xE1;mara de Comercio, Industria y Navegaci&#xF3;n de Bilbao), Comercio 45; desde 1993 se transforma en un cap&#xED;tulo de su contenido.</subfield>
  </datafield>
  <datafield tag="610" ind1="2" ind2="4">
    <subfield code="a">C&#xE1;mara de Comercio de Bilbao</subfield>
    <subfield code="9">2358</subfield>
  </datafield>
  <datafield tag="650" ind1="1" ind2="7">
    <subfield code="a">Comercio</subfield>
    <subfield code="2">embne</subfield>
    <subfield code="9">11157</subfield>
  </datafield>
  <datafield tag="650" ind1=" " ind2="4">
    <subfield code="a">Comercio-</subfield>
    <subfield code="z">Pa&#xED;s Vasco.</subfield>
    <subfield code="9">156372</subfield>
  </datafield>
  <datafield tag="651" ind1=" " ind2="4">
    <subfield code="a">Pa&#xED;s Vasco-</subfield>
    <subfield code="x">Situaci&#xF3;n econ&#xF3;mica.</subfield>
    <subfield code="9">156373</subfield>
  </datafield>
  <datafield tag="700" ind1="1" ind2=" ">
    <subfield code="a">Barbier, Jos&#xE9;.</subfield>
    <subfield code="9">25456</subfield>
  </datafield>
  <datafield tag="700" ind1="1" ind2=" ">
    <subfield code="a">Carabias, Julio.</subfield>
    <subfield code="9">34926</subfield>
  </datafield>
  <datafield tag="700" ind1="1" ind2=" ">
    <subfield code="a">Olascoaga, Ram&#xF3;n de, </subfield>
    <subfield code="d">1864-1942</subfield>
    <subfield code="9">156374</subfield>
  </datafield>
  <datafield tag="710" ind1="2" ind2=" ">
    <subfield code="a">C&#xE1;mara de Comercio de Bilbao</subfield>
    <subfield code="9">2358</subfield>
  </datafield>
  <datafield tag="710" ind1="2" ind2=" ">
    <subfield code="a">C&#xE1;mara de Comercio de Bilbao</subfield>
    <subfield code="9">2358</subfield>
  </datafield>
  <datafield tag="740" ind1="0" ind2="2">
    <subfield code="a">Informaci&#xF3;n. </subfield>
    <subfield code="p">Anuario. </subfield>
    <subfield code="n">1984/1985-</subfield>
  </datafield>
  <datafield tag="852" ind1=" " ind2=" ">
    <subfield code="a">ES-MaACL</subfield>
    <subfield code="j">Hem-526</subfield>
  </datafield>
  <datafield tag="866" ind1=" " ind2="0">
    <subfield code="o">(1914)1915-35(1936f.n.548)(1937f.n.552)(1938f.n.565-584)1939(1940-41)(1942f.n.643)1943-58(1959f.n.1038)1960-65(1966f.n.1186)1967-91(1992 hasta n 1480 oct.).</subfield>
  </datafield>
  <datafield tag="999" ind1=" " ind2=" ">
    <subfield code="c">1232</subfield>
    <subfield code="d">1232</subfield>
  </datafield>
  <datafield tag="952" ind1=" " ind2=" ">
    <subfield code="0">0</subfield>
    <subfield code="1">0</subfield>
    <subfield code="4">0</subfield>
    <subfield code="7">0</subfield>
    <subfield code="8">Hemeroteca</subfield>
    <subfield code="a">ATENEOM</subfield>
    <subfield code="b">ATENEOM</subfield>
    <subfield code="c">DEPO1</subfield>
    <subfield code="d">2008-01-17</subfield>
    <subfield code="e">SC</subfield>
    <subfield code="l">0</subfield>
    <subfield code="o">Hem-526</subfield>
    <subfield code="p">1001258</subfield>
    <subfield code="r">2023-02-23 00:00:00</subfield>
    <subfield code="w">2023-02-23</subfield>
    <subfield code="y">PERIODICA</subfield>
  </datafield>
</record>
